[Event "Bayern-chTT (Oberliga)"]
[Site "Bayern 2008/09"]
[Date "2008.10.05"]
[Round "1.1"]
[White "Baldauf, Marco"]
[Black "Taggatz, Mario"]
[Result "1-0"]
[WhiteElo "2286"]
[BlackElo "2274"]
[PlyCount "123"]
[EventDate "2009.03.??"]
[EventType "team-tourn"]
[EventRounds "9"]
[WhiteTeam "Pang/Ro.1"]
[BlackTeam "Gröbenzell 1"]

1. e4 c5 2. Nf3 e6 3. d4 cxd4 4. Nxd4 Nc6 5. Nc3 Qc7 6. g3 a6 7. Bg2 d6 8. O-O
Bd7 9. Re1 Be7 10. Nxc6 Bxc6 11. Qg4 h5 12. Qe2 h4 13. a4 hxg3 14. hxg3 Nf6 15.
a5 Kf8 16. Be3 Re8 17. Bb6 Qc8 18. Bd4 e5 19. Bb6 g6 20. Rac1 Kg7 21. Nd5 Nxd5
22. exd5 Bd7 23. f4 Bf6 24. Qf2 Bh3 25. Bh1 Rh5 26. fxe5 Bxe5 27. Bd4 Qc4 28.
Re4 Bxd4 29. Rxd4 Qc7 30. Bf3 Rhe5 31. Qd2 Re3 32. Kf2 Qe7 33. Rh1 Bf5 34. g4
Rxf3+ 35. Kg2 g5 36. Rh5 Be4 37. Rxe4 Qxe4 38. Qxg5+ Qg6 39. Kxf3 Re1 40. Qxg6+
fxg6 41. Rh2 Rd1 42. Ke4 Rg1 43. Kf4 Rd1 44. c4 Rd4+ 45. Kg5 Re4 46. Rh3 Re5+
47. Kh4 Kh6 48. Rb3 Re4 49. Rb4 Rd4 50. b3 g5+ 51. Kg3 Kg6 52. Rb6 Rd3+ 53. Kf2
Kf6 54. Rxd6+ Ke5 55. Rb6 Kf4 56. Rxb7 Kxg4 57. Ke2 Rd4 58. Ke3 Rd1 59. Ke4 Kg3
60. Rg7 g4 61. c5 Re1+ 62. Kf5 1-0

[Event "Bayern-chTT (Oberliga)"]
[Site "Bayern 2008/09"]
[Date "2008.10.05"]
[Round "1.2"]
[White "Rohrmueller, Ulrich"]
[Black "Blaskowski, Johannes"]
[Result "1/2-1/2"]
[WhiteElo "2275"]
[BlackElo "2295"]
[PlyCount "109"]
[EventDate "2009.03.??"]
[EventType "team-tourn"]
[EventRounds "9"]
[WhiteTeam "Gröbenzell 1"]
[BlackTeam "Pang/Ro.1"]

1. Nf3 Nf6 2. c4 g6 3. Nc3 Bg7 4. g3 O-O 5. Bg2 d6 6. d4 c6 7. O-O Nbd7 8. e4
e5 9. h3 Re8 10. Be3 exd4 11. Nxd4 Nc5 12. Qc2 Qe7 13. Rfe1 Nfxe4 14. Nxe4 Nxe4
15. Bxe4 Qxe4 16. Bd2 Qxe1+ 17. Rxe1 Rxe1+ 18. Bxe1 Bxd4 19. Qd2 c5 20. Kh2 Be6
21. b3 d5 22. cxd5 Bxd5 23. Qe2 Bc6 24. Bd2 Re8 25. Be3 a6 26. Qd2 Rd8 27. Qe2
a5 28. Bg5 Re8 29. Be3 a4 30. Qd2 axb3 31. axb3 Rd8 32. Qe2 Ra8 33. Bf4 h5 34.
Be5 Ra1 35. g4 Rh1+ 36. Kg3 hxg4 37. hxg4 Rg1+ 38. Kf4 Rg2 39. Bxd4 cxd4 40.
Qd2 Bd7 41. g5 Bf5 42. Ke5 d3 43. Kf6 Be6 44. b4 b5 45. Qf4 Rg4 46. Qd6 Re4 47.
Qd8+ Kh7 48. Qxd3 Rxb4 49. Qd6 Re4 50. f3 Re3 51. Qf4 Rc3 52. Qh2+ Kg8 53. Qb8+
Kh7 54. Qh2+ Kg8 55. Qb8+ 1/2-1/2

[Event "Bayern-chTT (Oberliga)"]
[Site "Bayern 2008/09"]
[Date "2008.10.05"]
[Round "1.3"]
[White "Vogel, Robert(57)"]
[Black "Schuster, Karsten(73)"]
[Result "1-0"]
[WhiteElo "2207"]
[BlackElo "2196"]
[PlyCount "81"]
[EventDate "2009.03.??"]
[EventType "team-tourn"]
[EventRounds "9"]
[WhiteTeam "Pang/Ro.1"]
[BlackTeam "Gröbenzell 1"]

1. d4 Nf6 2. c4 c6 3. Nc3 d5 4. cxd5 cxd5 5. Nf3 a6 6. Bf4 Nc6 7. Rc1 Bf5 8. e3
e6 9. Ne5 Nxe5 10. Bxe5 Be7 11. Be2 O-O 12. O-O b5 13. a4 b4 14. Nb1 Ra7 15.
Nd2 Qd7 16. h3 Ne8 17. Nf3 f6 18. Bh2 Nd6 19. Nh4 Be4 20. f3 Nf5 21. fxe4 Nxe3
22. Qb3 Nxf1 23. Rxf1 f5 24. Nf3 fxe4 25. Ne5 Rxf1+ 26. Kxf1 Qc8 27. Bf4 Bd6
28. Kg1 Rc7 29. Bg4 a5 30. h4 Bxe5 31. Bxe5 Rc1+ 32. Kh2 Qa6 33. Qe3 Qf1 34.
Qg5 Qh1+ 35. Kg3 Qe1+ 36. Kh3 Qh1+ 37. Bh2 Kf7 38. Qh5+ Ke7 39. Qxh7 Rc2 40.
Qxg7+ Kd8 41. Bxe6 1-0

[Event "Bayern-chTT (Oberliga)"]
[Site "Bayern 2008/09"]
[Date "2008.10.05"]
[Round "1.4"]
[White "Zach, Andreas(60)"]
[Black "Maurer, Jochen(80)"]
[Result "0-1"]
[WhiteElo "2241"]
[BlackElo "2164"]
[PlyCount "58"]
[EventDate "2009.03.??"]
[EventType "team-tourn"]
[EventRounds "9"]
[WhiteTeam "Gröbenzell 1"]
[BlackTeam "Pang/Ro.1"]

1. d4 g6 2. Bf4 Bg7 3. e3 d6 4. Nf3 Nd7 5. h3 e5 6. Bh2 Qe7 7. Be2 f5 8. c4 Nh6
9. Nc3 c6 10. Rc1 Nf7 11. b4 O-O 12. O-O g5 13. b5 g4 14. hxg4 fxg4 15. Ne1 Nf6
16. Nd3 e4 17. Nb4 Bd7 18. bxc6 bxc6 19. d5 c5 20. Nc6 Qe8 21. Nb5 Ng5 22. Nxd6
Qh5 23. Ne5 Nf3+ 24. Bxf3 gxf3 25. Nxd7 Qg4 26. Bg3 Nxd7 27. Nxe4 Qxe4 28. Qc2
Qg4 29. e4 Bd4 0-1

[Event "Bayern-chTT (Oberliga)"]
[Site "Bayern 2008/09"]
[Date "2008.10.05"]
[Round "1.5"]
[White "Duer, Werner"]
[Black "Kaunzinger, Albert"]
[Result "1/2-1/2"]
[WhiteElo "2189"]
[BlackElo "2154"]
[PlyCount "141"]
[EventDate "2009.03.??"]
[EventType "team-tourn"]
[EventRounds "9"]
[WhiteTeam "Pang/Ro.1"]
[BlackTeam "Gröbenzell 1"]

1. d4 d5 2. Nf3 Nf6 3. c4 c6 4. Nc3 a6 5. Bg5 Ne4 6. e3 Nxc3 7. bxc3 Qa5 8. Qb3
e6 9. c5 Nd7 10. Be2 g6 11. Bf4 Be7 12. O-O O-O 13. Rab1 Re8 14. h3 Kg7 15.
Rfe1 f6 16. Bf1 Bd8 17. e4 dxe4 18. Rxe4 Nf8 19. Nd2 e5 20. dxe5 f5 21. Rb4
Qxc5 22. Rxb7+ Bxb7 23. Qxb7+ Be7 24. Nb3 Qxc3 25. Rc1 Qb4 26. Qxb4 Bxb4 27.
Rxc6 Ne6 28. Bc1 a5 29. Bc4 Nd8 30. Rb6 Rc8 31. Bb5 Rxe5 32. Be3 Re7 33. Ra6
Nb7 34. Bc6 Nd6 35. Bd4+ Kf8 36. Bd5 Rec7 37. Nxa5 Bxa5 38. Rxa5 Rc1+ 39. Kh2
R8c7 40. Be5 Rd7 41. Ra8+ Ke7 42. Rh8 Nf7 43. Bxf7 Kxf7 44. Rxh7+ Ke6 45. Rxd7
Kxd7 46. a3 Rc2 47. Bd4 f4 48. f3 Ke6 49. Bb6 Rc6 50. Ba5 Kd5 51. Bd8 Rc4 52.
Be7 Kd4 53. h4 Ke3 54. Bg5 Kf2 55. Kh3 Ra4 56. Be7 Rc4 57. Bf6 Kf1 58. Be5 Rc2
59. Bxf4 Rxg2 60. Bg3 Ra2 61. Bd6 Rg2 62. Bg3 Rd2 63. Kg4 Rd3 64. Be5 Rxa3 65.
f4 Kg2 66. Kg5 Kh3 67. Kxg6 Kxh4 68. f5 Rf3 69. f6 Kg4 70. f7 Rxf7 71. Kxf7
1/2-1/2

[Event "Bayern-chTT (Oberliga)"]
[Site "Bayern 2008/09"]
[Date "2008.10.05"]
[Round "1.6"]
[White "Scheckenbach, Franz"]
[Black "Heubusch, Michael"]
[Result "1-0"]
[WhiteElo "2123"]
[BlackElo "2122"]
[PlyCount "67"]
[EventDate "2009.03.??"]
[EventType "team-tourn"]
[EventRounds "9"]
[WhiteTeam "Gröbenzell 1"]
[BlackTeam "Pang/Ro.1"]

1. e4 d6 2. d4 Nf6 3. Nc3 g6 4. Be3 c6 5. Qd2 Nbd7 6. h3 b5 7. Bd3 Bb7 8. f4
Nb6 9. Nf3 Nc4 10. Bxc4 bxc4 11. O-O e6 12. f5 exf5 13. exf5 Bg7 14. Bh6 O-O
15. Bxg7 Kxg7 16. Rae1 Qd7 17. Ng5 d5 18. Na4 Qd6 19. Nc5 Bc8 20. fxg6 hxg6 21.
Rf3 Nh7 22. Nxh7 Kxh7 23. Qg5 f6 24. Qh4+ Kg7 25. Rfe3 g5 26. Re7+ Rf7 27.
Rxf7+ Kxf7 28. Qh7+ Kf8 29. Qh8+ Kf7 30. Re8 Kg6 31. Qg8+ Kf5 32. Qh7+ Kf4 33.
Kf2 Bxh3 34. Re4+ 1-0

[Event "Bayern-chTT (Oberliga)"]
[Site "Bayern 2008/09"]
[Date "2008.10.05"]
[Round "1.7"]
[White "Keller, Manfred(45)"]
[Black "Schmidt, Anton(61)"]
[Result "0-1"]
[WhiteElo "2155"]
[BlackElo "2054"]
[PlyCount "138"]
[EventDate "2009.03.??"]
[EventType "team-tourn"]
[EventRounds "9"]
[WhiteTeam "Pang/Ro.1"]
[BlackTeam "Gröbenzell 1"]

1. e4 c5 2. Nf3 Nc6 3. Bb5 Nf6 4. Nc3 g6 5. O-O Bg7 6. e5 Ng4 7. Bxc6 dxc6 8.
Re1 O-O 9. h3 Nh6 10. d3 Nf5 11. Ne4 Nd4 12. Nxc5 Nxf3+ 13. Qxf3 Qa5 14. Qe3
Qc7 15. d4 b6 16. Ne4 c5 17. c3 Bb7 18. Bd2 Rad8 19. Rad1 Qc6 20. f3 Rd7 21.
Bc1 Rfd8 22. Nf2 cxd4 23. cxd4 Qa4 24. b3 Qxa2 25. Re2 Qb1 26. Bb2 Qf5 27. Ng4
Qe6 28. Nf2 f6 29. exf6 Qxe3 30. Rxe3 exf6 31. Rde1 f5 32. Re7 Kf8 33. Ba3 Kg8
34. Bb2 Bf6 35. Rxd7 Rxd7 36. Re8+ Kf7 37. Rb8 Bd5 38. b4 Bc4 39. Bc3 Ke6 40.
Re8+ Kd5 41. Re1 Re7 42. Rxe7 Bxe7 43. Nd1 f4 44. Kf2 Bh4+ 45. g3 Bxg3+ 46. Kg2
Bh4 47. Bd2 Be7 48. Bxf4 Bb3 49. Nc3+ Kc4 50. Ne4 Bxb4 51. Nd2+ Bxd2 52. Bxd2
Kxd4 53. Kf2 Be6 54. h4 Kc4 55. Be3 Kb5 56. Ke1 a5 57. Kd2 Ka6 58. Kc3 b5 59.
Kb2 b4 60. Bd4 a4 61. Bc5 a3+ 62. Ka1 Kb5 63. Bf8 Ka4 64. f4 b3 65. Bg7 b2+ 66.
Bxb2 axb2+ 67. Kxb2 Kb4 68. Kc2 Kc4 69. Kd2 Kd4 0-1

[Event "Bayern-chTT (Oberliga)"]
[Site "Bayern 2008/09"]
[Date "2008.10.05"]
[Round "1.8"]
[White "Stocker, Rupert"]
[Black "Lindenberg, Georg"]
[Result "1-0"]
[WhiteElo "2045"]
[BlackElo "2086"]
[PlyCount "117"]
[EventDate "2009.03.??"]
[EventType "team-tourn"]
[EventRounds "9"]
[WhiteTeam "Gröbenzell 1"]
[BlackTeam "Pang/Ro.1"]

1. c4 c5 2. g3 Nf6 3. Bg2 g6 4. Nc3 Bg7 5. e4 Nc6 6. Nge2 e5 7. d3 d6 8. O-O
Nd4 9. h3 Be6 10. a3 Qd7 11. Kh2 h5 12. Nxd4 cxd4 13. Nd5 Bxd5 14. cxd5 Qb5 15.
a4 Qa6 16. b4 Nd7 17. Qb3 Rc8 18. Bd2 Bh6 19. Rfc1 Rxc1 20. Bxc1 Bxc1 21. Rxc1
O-O 22. Rc7 Nb6 23. a5 Na8 24. Rc1 Qb5 25. Qc4 Qxc4 26. Rxc4 Rd8 27. h4 Kf8 28.
Bh3 Ke7 29. Bc8 b6 30. Kg2 f6 31. Kf3 Rf8 32. Ke2 Rh8 33. f4 Rf8 34. Bb7 Kd7
35. Bc6+ Ke7 36. Bb5 Kd8 37. Rc6 Ke7 38. a6 Rd8 39. Rc1 Rb8 40. Kf3 Rf8 41. Ba4
Rb8 42. Bb5 Rf8 43. Kg2 Rg8 44. fxe5 fxe5 45. g4 Rd8 46. Kg3 hxg4 47. Kxg4 Kf6
48. Bc6 Nc7 49. b5 Ke7 50. Kg5 Rh8 51. Rh1 Kf7 52. Rf1+ Kg7 53. Bd7 Rd8 54. Be6
Nxe6+ 55. dxe6 Re8 56. Rf7+ Kg8 57. Rxa7 d5 58. Rb7 dxe4 59. dxe4 1-0

[Event "Bayern-chTT (Oberliga)"]
[Site "Bayern 2008/09"]
[Date "2008.10.05"]
[Round "1.1"]
[White "Meister, Peter(66)"]
[Black "Milov, Leonid"]
[Result "0-1"]
[WhiteElo "2338"]
[BlackElo "2501"]
[PlyCount "126"]
[EventDate "2009.03.??"]
[EventType "team-tourn"]
[EventRounds "9"]
[WhiteTeam "München-Bayern 2"]
[BlackTeam "Nürnberg-NT 1"]

1. d4 d5 2. c4 c6 3. Nf3 Nf6 4. Qc2 dxc4 5. Qxc4 Bg4 6. Nbd2 Nbd7 7. e3 e6 8.
Be2 Be7 9. h3 Bh5 10. O-O O-O 11. b3 Rc8 12. Bb2 Bg6 13. Bd3 b5 14. Qc2 c5 15.
Bxg6 hxg6 16. Rac1 cxd4 17. Qxc8 Qxc8 18. Rxc8 Rxc8 19. Nxd4 a6 20. Rc1 Rxc1+
21. Bxc1 Ne5 22. Bb2 Bd6 23. Nc2 Nd3 24. Bxf6 gxf6 25. a3 f5 26. Kf1 Kf8 27.
Ke2 Nc5 28. f3 Ke7 29. b4 Na4 30. e4 Bf4 31. exf5 exf5 32. Nb3 Kd6 33. g4 fxg4
34. hxg4 Kd5 35. Kd3 Nb2+ 36. Kc3 Be5+ 37. Kd2 Nc4+ 38. Kd3 Bb2 39. Nc5 a5 40.
Ne4 a4 41. f4 Nxa3 42. Ne3+ Ke6 43. Ng5+ Ke7 44. Nd5+ Kf8 45. f5 Kg7 46. Ne4
gxf5 47. gxf5 Nc4 48. Kc2 Be5 49. f6+ Kg6 50. Ne7+ Kh5 51. Nc6 Na3+ 52. Kd3 Bf4
53. Nd4 Kg6 54. Nc6 Kf5 55. Nd8 Kg6 56. Nc6 Nc4 57. Ne7+ Kh5 58. Kc2 Nd6 59.
Nd5 Nxe4 60. Nxf4+ Kg5 61. Nd5 Kf5 62. Kd3 Ke5 63. Nc7 Nd6 0-1

[Event "Bayern-chTT (Oberliga)"]
[Site "Bayern 2008/09"]
[Date "2008.10.05"]
[Round "1.2"]
[White "Mischustov, Michael"]
[Black "Reich, Thomas(63)"]
[Result "1-0"]
[WhiteElo "2345"]
[BlackElo "2348"]
[PlyCount "100"]
[EventDate "2009.03.??"]
[EventType "team-tourn"]
[EventRounds "9"]
[WhiteTeam "Nürnberg-NT 1"]
[BlackTeam "München-Bayern 2"]

1. e4 c5 2. Nf3 g6 3. g3 Bg7 4. Bg2 Nf6 5. d3 d6 6. O-O Nc6 7. Re1 O-O 8. c3
Rb8 9. h3 Ne5 10. d4 Nxf3+ 11. Qxf3 Nd7 12. Rd1 b5 13. a3 Bb7 14. Qe2 Qc7 15.
Be3 e5 16. dxe5 Nxe5 17. Nd2 Rfe8 18. f4 Nd7 19. Re1 Bc6 20. Bf3 Re7 21. Qg2
Rbe8 22. Bf2 Nb6 23. g4 Na4 24. Rab1 c4 25. f5 Nc5 26. g5 Re5 27. f6 Bf8 28.
Bd4 Nd3 29. h4 d5 30. Bxe5 Qxe5 31. Qh2 Bc5+ 32. Kg2 Nxe1+ 33. Rxe1 d4 34. Qxe5
Rxe5 35. cxd4 Bxd4 36. Re2 h6 37. gxh6 Kh7 38. Nf1 g5 39. Nh2 gxh4 40. Ng4 Rg5
41. Kh3 Bd7 42. Rd2 Bxg4+ 43. Bxg4 Bxf6 44. Rf2 Bd4 45. Rxf7+ Kxh6 46. Kxh4 Rc5
47. Bf5 Bg7 48. Rxa7 Rc6 49. Rb7 Rd6 50. Kg4 Rc6 1-0

[Event "Bayern-chTT (Oberliga)"]
[Site "Bayern 2008/09"]
[Date "2008.10.05"]
[Round "1.3"]
[White "Drexel, Michael"]
[Black "Wagner, Florian(06.90)"]
[Result "0-1"]
[WhiteElo "2253"]
[BlackElo "2260"]
[PlyCount "62"]
[EventDate "2009.03.??"]
[EventType "team-tourn"]
[EventRounds "9"]
[WhiteTeam "München-Bayern 2"]
[BlackTeam "Nürnberg-NT 1"]

1. b3 Nf6 2. Bb2 g6 3. Bxf6 exf6 4. c4 f5 5. Nc3 Bg7 6. g3 O-O 7. Bg2 d6 8. e3
Nd7 9. Nge2 Nf6 10. O-O Re8 11. Rb1 a5 12. Qc2 c6 13. a3 h5 14. b4 h4 15. b5
hxg3 16. hxg3 Qc7 17. bxc6 bxc6 18. Nb5 cxb5 19. Bxa8 f4 20. Nxf4 Bf5 21. e4
Nxe4 22. Rbe1 Rxa8 23. Rxe4 Rb8 24. Rb1 bxc4 25. Nd5 Bxe4 26. Rxb8+ Qxb8 27.
Qxe4 Qb5 28. Nc7 Qe5 29. Qa8+ Kh7 30. Ne8 Qe1+ 31. Kg2 Qxd2 0-1

[Event "Bayern-chTT (Oberliga)"]
[Site "Bayern 2008/09"]
[Date "2008.10.05"]
[Round "1.4"]
[White "Epding, Olaf"]
[Black "Schneider, Stefan(11.77)"]
[Result "1/2-1/2"]
[WhiteElo "2157"]
[BlackElo "2346"]
[PlyCount "137"]
[EventDate "2009.03.??"]
[EventType "team-tourn"]
[EventRounds "9"]
[WhiteTeam "Nürnberg-NT 1"]
[BlackTeam "München-Bayern 2"]

1. e4 Nf6 2. e5 Nd5 3. d4 Nb6 4. Nf3 d5 5. Be2 Bg4 6. Ng5 Bxe2 7. Qxe2 h6 8.
Nh3 e6 9. O-O c5 10. dxc5 Bxc5 11. Nf4 Nc6 12. Nd3 Nd7 13. Be3 Bxe3 14. Qxe3
Qb6 15. Qxb6 axb6 16. Re1 Nc5 17. Nc3 Nxd3 18. cxd3 Nb4 19. Rad1 Kd7 20. a3 Nc2
21. Re2 Nd4 22. Ree1 Rhc8 23. Rc1 Nb3 24. Rb1 Ra5 25. Na2 d4 26. Nb4 Rcc5 27.
f4 g5 28. Re2 gxf4 29. Rbe1 Rc1 30. Rxc1 Nxc1 31. Re4 Ke7 32. Kf2 Nb3 33. Nc2
Rd5 34. Nb4 Rc5 35. Re2 f6 36. exf6+ Kxf6 37. g3 fxg3+ 38. hxg3 Rf5+ 39. Kg2
Nc5 40. Nc2 e5 41. Ne1 Ke6 42. b4 Nd7 43. Nf3 Kd5 44. Nd2 Rf8 45. Ne4 Ra8 46.
Ra2 Ke6 47. a4 Nf6 48. Nxf6 Kxf6 49. Kf3 Kf5 50. a5 Ra6 51. Rh2 bxa5 52. bxa5
Rf6 53. Rb2 e4+ 54. dxe4+ Ke5+ 55. Ke2 Rf7 56. Rb6 h5 57. Rb5+ Kxe4 58. Rxh5
d3+ 59. Ke1 Kd4 60. Rh8 Re7+ 61. Kd1 Ke3 62. g4 Re4 63. g5 Rg4 64. Re8+ Kd4 65.
Rd8+ Kc4 66. Rd7 Rg1+ 67. Kd2 Rg2+ 68. Kd1 Rxg5 69. Rxb7 1/2-1/2

[Event "Bayern-chTT (Oberliga)"]
[Site "Bayern 2008/09"]
[Date "2008.10.05"]
[Round "1.5"]
[White "Wockenfuss, Klaus"]
[Black "Kirchner, Thomas"]
[Result "1/2-1/2"]
[WhiteElo "2243"]
[BlackElo "2266"]
[PlyCount "74"]
[EventDate "2009.03.??"]
[EventType "team-tourn"]
[EventRounds "9"]
[WhiteTeam "München-Bayern 2"]
[BlackTeam "Nürnberg-NT 1"]

1. g3 e5 2. Bg2 Nf6 3. d3 d5 4. Nf3 Bd6 5. O-O O-O 6. Nc3 c6 7. e4 h6 8. Re1
dxe4 9. dxe4 Be6 10. h3 Kh7 11. Be3 Qc7 12. Nh4 g6 13. Qd2 Rd8 14. Rad1 Be7 15.
Qc1 Ng8 16. Rxd8 Qxd8 17. Nf3 Nd7 18. Rd1 Qc7 19. Nh2 Re8 20. f4 b5 21. a3 a5
22. Rf1 Bc4 23. Rf3 b4 24. axb4 axb4 25. Nd1 f6 26. f5 g5 27. b3 Bf7 28. h4 Rd8
29. Rf1 c5 30. Nb2 Nb8 31. Rd1 Nc6 32. Bf1 Nd4 33. Kf2 Qc6 34. Bd3 Kg7 35. Rh1
Bh5 36. Qf1 Bf7 37. Nc4 Bxc4 1/2-1/2

[Event "Bayern-chTT (Oberliga)"]
[Site "Bayern 2008/09"]
[Date "2008.10.05"]
[Round "1.6"]
[White "Martin, Thomas(66)"]
[Black "Schuette, Manfred"]
[Result "1-0"]
[WhiteElo "2266"]
[BlackElo "2297"]
[PlyCount "111"]
[EventDate "2009.03.??"]
[EventType "team-tourn"]
[EventRounds "9"]
[WhiteTeam "Nürnberg-NT 1"]
[BlackTeam "München-Bayern 2"]

1. e4 c5 2. c3 d5 3. exd5 Qxd5 4. d4 Nc6 5. Nf3 Bg4 6. Be2 e6 7. h3 Bh5 8. g4
Bg6 9. c4 Qd6 10. d5 Nb4 11. Nc3 Nc2+ 12. Kf1 O-O-O 13. Rb1 Nf6 14. g5 Ne8 15.
Nh4 Nd4 16. Nxg6 hxg6 17. Bg4 Qa6 18. Qa4 Qxa4 19. Nxa4 Nd6 20. dxe6 fxe6 21.
Nxc5 N6f5 22. Ne4 Nc6 23. Be3 Ne5 24. Ke2 Nxg4 25. hxg4 Rxh1 26. Rxh1 Nxe3 27.
fxe3 Kd7 28. Rd1+ Ke8 29. Rxd8+ Kxd8 30. Kd3 Kd7 31. Kd4 Kc6 32. Ke5 Kd7 33. c5
a5 34. b3 Be7 35. Kd4 Kc6 36. Kc4 Bd8 37. a3 Bc7 38. b4 axb4 39. axb4 Be5 40.
b5+ Kd7 41. Nd2 Bb2 42. Nf3 Bc1 43. Kd4 Bb2+ 44. Ke4 Ba1 45. Ne5+ Kd8 46. Nxg6
Bb2 47. Ne5 Kc7 48. b6+ Kc8 49. c6 bxc6 50. Nxc6 Kb7 51. Nd8+ Kxb6 52. Nxe6 Kc6
53. Kf5 Kd6 54. Nd4 Ke7 55. Kg6 Kf8 56. Kh7 1-0

[Event "Bayern-chTT (Oberliga)"]
[Site "Bayern 2008/09"]
[Date "2008.10.05"]
[Round "1.7"]
[White "Christensen, Niels"]
[Black "Heimrath, Reiner"]
[Result "1/2-1/2"]
[WhiteElo "2159"]
[BlackElo "2172"]
[PlyCount "107"]
[EventDate "2009.03.??"]
[EventType "team-tourn"]
[EventRounds "9"]
[WhiteTeam "München-Bayern 2"]
[BlackTeam "Nürnberg-NT 1"]

1. d4 d5 2. c4 e6 3. Nc3 Nf6 4. Nf3 a6 5. Bg5 Be7 6. e3 Nbd7 7. Qc2 O-O 8. Rc1
Re8 9. a4 c6 10. Bd3 dxc4 11. Bxc4 Nd5 12. Bxe7 Qxe7 13. O-O Nb4 14. Qb3 a5 15.
e4 e5 16. Nxe5 Nxe5 17. dxe5 Be6 18. Bxe6 Qxe6 19. Qxe6 Rxe6 20. f4 Kf8 21.
Rcd1 Na6 22. Rd4 Ree8 23. Rfd1 Rab8 24. Rd6 Nc5 25. Kf2 Rec8 26. Ke3 Ke8 27. f5
b5 28. axb5 cxb5 29. Nd5 b4 30. f6 Ne6 31. fxg7 Nxg7 32. Nf6+ Ke7 33. Rd7+ Kf8
34. Ra7 Ra8 35. Nxh7+ Kg8 36. Nf6+ Kf8 37. Rdd7 Rxa7 38. Rxa7 Rc2 39. Nd5 Ne6
40. Kf3 Nd4+ 41. Kg3 Nc6 42. Ra6 Nxe5 43. Rxa5 Rxb2 44. Rb5 b3 45. Ne3 f6 46.
Nd5 Nd3 47. h4 Rb1 48. Nf4 Ne5 49. Rb8+ Kg7 50. Rb7+ Kh6 51. Nd5 b2 52. Ne3 Kg6
53. Nf5 Nd3 54. Rg7+ 1/2-1/2

[Event "Bayern-chTT (Oberliga)"]
[Site "Bayern 2008/09"]
[Date "2008.10.05"]
[Round "1.8"]
[White "Sargin, Anatol"]
[Black "Wengler, Joerg"]
[Result "1/2-1/2"]
[WhiteElo "2112"]
[BlackElo "2070"]
[PlyCount "71"]
[EventDate "2009.03.??"]
[EventType "team-tourn"]
[EventRounds "9"]
[WhiteTeam "Nürnberg-NT 1"]
[BlackTeam "München-Bayern 2"]

1. e4 c6 2. d4 d5 3. exd5 cxd5 4. c4 Nf6 5. Nc3 Nc6 6. Bf4 Bg4 7. Be2 Bxe2 8.
Ngxe2 e6 9. Qb3 Bb4 10. O-O dxc4 11. Qxc4 O-O 12. Bg5 Be7 13. Rad1 Nd5 14. Nxd5
exd5 15. Bxe7 dxc4 16. Bxd8 Rfxd8 17. d5 Nb4 18. Nc3 Rac8 19. Rfe1 Kf8 20. Re2
a6 21. Rd4 b5 22. a4 Rc5 23. g3 Nd3 24. d6 b4 25. Ne4 Rc6 26. Rc2 Ne1 27. Rdxc4
Rcxd6 28. Nxd6 Nxc2 29. Rxc2 Rxd6 30. Rc4 a5 31. Rc5 Rd2 32. Rxa5 Rxb2 33. Ra7
b3 34. Rb7 g6 35. a5 Ra2 36. Rxb3 1/2-1/2

[Event "Bayern-chTT (Oberliga)"]
[Site "Bayern 2008/09"]
[Date "2008.10.26"]
[Round "2.1"]
[White "Meister, Peter(66)"]
[Black "Heika, Martin"]
[Result "1/2-1/2"]
[WhiteElo "2366"]
[BlackElo "2384"]
[PlyCount "83"]
[EventDate "2009.03.??"]
[EventType "team-tourn"]
[EventRounds "9"]
[WhiteTeam "München-Bayern 2"]
[BlackTeam "Regensburg-Fortuna 1"]

1. d4 Nf6 2. c4 e6 3. Nf3 b6 4. a3 Bb7 5. Nc3 d5 6. cxd5 Nxd5 7. Qc2 Nd7 8.
Nxd5 exd5 9. Bg5 Be7 10. Bxe7 Kxe7 11. g3 f6 12. h4 g6 13. h5 g5 14. Rc1 c6 15.
h6 Nf8 16. e4 dxe4 17. Qxe4+ Kd6 18. Bd3 Qe8 19. O-O Qxe4 20. Bxe4 Re8 21. Rfe1
Ng6 22. Re3 Rhf8 23. Nd2 f5 24. Nc4+ Kd7 25. Bb1 Rf6 26. Bxf5+ Kd8 27. Rxe8+
Kxe8 28. Be4 Ne7 29. Ne5 Rxh6 30. b4 Rd6 31. b5 Rxd4 32. bxc6 Bc8 33. Bxh7 Rd5
34. Re1 Kd8 35. Nf7+ Ke8 36. Ne5 Kd8 37. f4 gxf4 38. gxf4 Nf5 39. Kf2 Kc7 40.
Bxf5 Bxf5 41. Rg1 Rd4 42. Rg5 1/2-1/2

[Event "Bayern-chTT (Oberliga)"]
[Site "Bayern 2008/09"]
[Date "2008.10.26"]
[Round "2.2"]
[White "Speckner, Roland"]
[Black "Drexel, Michael"]
[Result "1/2-1/2"]
[WhiteElo "2295"]
[BlackElo "2253"]
[PlyCount "47"]
[EventDate "2009.03.??"]
[EventType "team-tourn"]
[EventRounds "9"]
[WhiteTeam "Regensburg-Fortuna 1"]
[BlackTeam "München-Bayern 2"]

1. g3 g6 2. Bg2 Bg7 3. Nc3 c5 4. d3 Nc6 5. Bd2 d6 6. e4 Nf6 7. Nge2 O-O 8. a3
e5 9. Rb1 Be6 10. b4 b6 11. O-O Rc8 12. Nd5 Nd4 13. c4 Nxd5 14. Nxd4 exd4 15.
cxd5 Bd7 16. bxc5 dxc5 17. f4 b5 18. Rc1 a5 19. e5 b4 20. d6 Be6 21. Qa4 Bd7
22. Qd1 Be6 23. Qa4 Bd7 24. Qd1 1/2-1/2

[Event "Bayern-chTT (Oberliga)"]
[Site "Bayern 2008/09"]
[Date "2008.10.26"]
[Round "2.3"]
[White "Wockenfuss, Klaus"]
[Black "Rother, Christoph"]
[Result "1-0"]
[WhiteElo "2243"]
[BlackElo "2239"]
[PlyCount "65"]
[EventDate "2009.03.??"]
[EventType "team-tourn"]
[EventRounds "9"]
[WhiteTeam "München-Bayern 2"]
[BlackTeam "Regensburg-Fortuna 1"]

1. g3 c5 2. Bg2 Nf6 3. Nf3 e6 4. O-O Be7 5. c4 O-O 6. b3 Qc7 7. Bb2 d6 8. d4
cxd4 9. Nxd4 a6 10. Nc3 Rd8 11. Rc1 Nbd7 12. Qd2 Nf8 13. Rfd1 Bd7 14. h3 Rac8
15. Qe3 Ng6 16. Ne4 Qb8 17. a4 e5 18. Nxf6+ Bxf6 19. Nc2 Bc6 20. Nb4 a5 21. Nd5
Bxd5 22. Rxd5 Qc7 23. Rb5 Rb8 24. Qa7 Rd7 25. Qxa5 Qxa5 26. Rxa5 Bd8 27. Rb5
Ne7 28. Rd1 Nc8 29. Rxe5 Kf8 30. Red5 b6 31. h4 Bc7 32. Bh3 Re7 33. e3 1-0

[Event "Bayern-chTT (Oberliga)"]
[Site "Bayern 2008/09"]
[Date "2008.10.26"]
[Round "2.4"]
[White "Pohl-Kuemmel, Jens-Uwe"]
[Black "Majer, Damir"]
[Result "1/2-1/2"]
[WhiteElo "2185"]
[BlackElo "2232"]
[PlyCount "75"]
[EventDate "2009.03.??"]
[EventType "team-tourn"]
[EventRounds "9"]
[WhiteTeam "Regensburg-Fortuna 1"]
[BlackTeam "München-Bayern 2"]

1. d4 Nf6 2. Nf3 e6 3. g3 b5 4. a4 b4 5. Bg2 Bb7 6. O-O d5 7. c3 c5 8. cxb4
cxb4 9. a5 Be7 10. Bg5 Nbd7 11. Qd3 a6 12. Rc1 Rc8 13. Rxc8 Qxc8 14. Nbd2 O-O
15. Nb3 Qc4 16. Ne5 Qxd3 17. Nxd3 Bc6 18. Ne5 Bb5 19. Nxd7 Bxd7 20. Rc1 h6 21.
Bxf6 Bxf6 22. e3 Rc8 23. Rxc8+ Bxc8 24. Bf1 Kf8 25. Bd3 e5 26. Kf1 Ke8 27. Ke1
Kd8 28. Kd2 Kc7 29. dxe5 Bxe5 30. Nd4 Kb7 31. Kc2 Bc7 32. Kb3 Bxa5 33. Nc2 Kb6
34. Nxb4 Bxb4 35. Kxb4 a5+ 36. Kc3 Kc5 37. Bc2 Bd7 38. Bd3 1/2-1/2

[Event "Bayern-chTT (Oberliga)"]
[Site "Bayern 2008/09"]
[Date "2008.10.26"]
[Round "2.5"]
[White "Leitner, Maximilian"]
[Black "Mandl, Robert"]
[Result "1/2-1/2"]
[WhiteElo "2217"]
[BlackElo "2199"]
[PlyCount "72"]
[EventDate "2009.03.??"]
[EventType "team-tourn"]
[EventRounds "9"]
[WhiteTeam "München-Bayern 2"]
[BlackTeam "Regensburg-Fortuna 1"]

1. c4 Nf6 2. g3 e6 3. Bg2 d5 4. Nf3 Be7 5. O-O O-O 6. d4 dxc4 7. Qa4 a6 8. Qxc4
b5 9. Qc2 Bb7 10. Bf4 Nc6 11. Rd1 Nb4 12. Qc1 Nbd5 13. Nc3 Nxf4 14. Qxf4 Bd6
15. Qh4 b4 16. Na4 Bc6 17. Nc5 Nd5 18. Rac1 Bb5 19. Qe4 Qe7 20. Ne5 Rab8 21.
Nb3 Rb6 22. Nc4 Rbb8 23. Qc2 Nb6 24. Nca5 e5 25. Bc6 Qf6 26. Be4 g6 27. Nc6
Rbe8 28. d5 Qg5 29. Na7 Ba4 30. Qd2 Qxd2 31. Rxd2 Bxb3 32. axb3 f5 33. Bg2 e4
34. e3 Nd7 35. Bf1 Ne5 36. Rdc2 Ra8 1/2-1/2